| 000 | 00951nam a2200301 i 4500 | ||
|---|---|---|---|
| 003 | EG-GICUC | ||
| 005 | 20260224212703.0 | ||
| 008 | 260224s1985 It ||||fr|||| 00| 0 ita d | ||
| 040 |
_aEG-GiCUC _bita _cEG-GiCUC _dEG-GiCUC _erda |
||
| 082 | 0 | 4 |
_221 _a341.1 _bLE . Z |
| 092 | 0 | 4 | _221 |
| 099 | _aLaw1 11 341.1 LE . Z 1985 | ||
| 100 | 1 |
_aLeanza, Umberto _eAuthor. |
|
| 245 | 1 | 0 |
_aZona Economica Esclusiva E Mare Mediterraneo / _n _cUmberto Leanza, Luigi Sico. _b |
| 264 | 1 |
_aPalermo : _bEditoriale Scientifica, _c1985. |
|
| 300 |
_a325pages : _billustrations, _c24 cm |
||
| 336 |
_2rda content _atext |
||
| 337 |
_2rda media _aComputer |
||
| 338 |
_2rda carrier _aOnline Resource |
||
| 504 | _a | ||
| 546 | _a Text in Italian | ||
| 650 | 1 | 4 |
_aPublic international law _2 |
| 651 | 1 | _2 | |
| 700 | 1 |
_aSico, Luigi _ejoint author. |
|
| 856 | 4 | 0 | _uhttps://fll.law.cu.edu.eg/fulltext/bks/B11-08027.pdf |
| 905 | _a50 | ||
| 942 |
_2ddc _cBK _e21 _n0 |
||
| 999 |
_c64127 _d64127 |
||